| 000 | 00696nam a2200217 u 4500 | ||
|---|---|---|---|
| 005 | 20230920063950.0 | ||
| 008 | 131203s2006 cl r 000 0 spa d | ||
| 020 | _a9587017196 | ||
| 035 | _aUPN01000194466 | ||
| 049 | _aCG | ||
| 050 | 4 |
_aLA567 _bC8.4 |
|
| 245 | 0 | 3 |
_aLa cultura para el trabajo en la educación media de Bogotá / _cdir. Víctor Manuel Gómez O. |
| 260 |
_aBogotá : _bUniversidad Nacional de Colombia : _bIIEDU, _c2006. |
||
| 300 |
_a98 p. : _bgráfs., cuadros |
||
| 650 | 4 |
_aEDUCACION MEDIA SUPERIOR - _zCOLOMBIA _923016 |
|
| 650 | 4 |
_aEducación y Estado _919 |
|
| 700 | 1 |
_aGómez O., Víctor Manuel, _edir. |
|
| 905 | _aLibro | ||
| 999 |
_c166567 _d166567 |
||